Parità in pillole : impara a combattere le piccole e grandi discriminazioni quotidiane /

Gardado en:
Detalles Bibliográficos
Autor Principal: Facheris, Irene
Outros autores: Meloni, Chiara (Illustrator)
Formato: Libro
Idioma:Lingua italiana
Publicado: Milano : Rizzoli, 2024
Series:BUR Rizzoli. Varia
Tags: Engadir etiqueta
Sen Etiquetas, Sexa o primeiro en etiquetar este rexistro!

MARC

LEADER 00000nam a22000007i 4500
001 IT\ICCU\MES\0057326
003 ItRI
005 20260308161851.0
008 250403s2020 it |||||| ||||| |||||c
020 |a 9788817155540 (terza ed. BUR Varia : 2024) 
040 |b ita  |c Centro di documentazione Omologie (CIG Arcigay Milano)  
041 7 |a ita  |2 ISO-639-2 
100 1 |a Facheris, Irene  |0 IT\ICCU\AREV\000501 
240 1 0 |a Parità in pillole  |9 Facheris, Irene 
245 1 0 |a Parità in pillole :  |b impara a combattere le piccole e grandi discriminazioni quotidiane /  |c Irene Facheris ; con le illustrazioni di Chiara Meloni. 
260 |a Milano :  |b Rizzoli,  |c 2024 
300 |a 207 p. :  |b ill. ;  |c 20 cm 
700 1 |a Meloni, Chiara  |0 IT\ICCU\BVEV\131746  |4 ill 
830 0 |a BUR Rizzoli. Varia  |0 IT\ICCU\CFI\0819033 
942 |2 ddc  |c BK  |n 0 
952 |0 0  |1 0  |2 ddc  |4 0  |6 305_420000000000000_FAC_PAR  |7 0  |9 33267  |a MI  |b MI  |d 2026-03-08  |l 0  |o 305.420 FAC PAR  |p 11794  |r 2026-03-08 16:23:00  |w 2026-03-08  |y BK 
981 1 |6 z01  |a i   |b xxxe  
982 1 |6 z01  |a n 
999 |c 28891  |d 28891